La educación familiar del subnormal / (Record no. 86859)

MARC details
000 -LEADER
campo de control de longitud fija 00705nam a2200193 i 4500
001 - NÚMERO DE CONTROL
campo de control 86859
003 - IDENTIFICADOR DE NÚMERO DE CONTROL
campo de control ES-MaACL
005 - FECHA Y HORA DE LA ÚLTIMA TRANSACCIÓN
campo de control 20230906175535.0
007 - CAMPO FIJO DE DESCRIPCIÓN FÍSICA--INFORMACIÓN GENERAL
campo de control de longitud fija t|
008 - DATOS DE LONGITUD FIJA--INFORMACIÓN GENERAL
campo de control de longitud fija 041216s1957 sp ||||1| spa d
100 1# - ENTRADA PRINCIPAL--NOMBRE DE PERSONA
Nombre de persona Kirk, Samuel A.
9 (RLIN) 68120
245 13 - MENCIÓN DEL TÍTULO
Título La educación familiar del subnormal /
Mención de responsabilidad, etc. Samuel A. Kirk, Merle B. Karnes, Winifred D. Kirk ; [versión española de la segunda edición americana, notas y epílogo por M. Bosch Barret].
260 ## - PUBLICACIÓN, DISTRIBUCIÓN, ETC.
Lugar de publicación, distribución, etc. Barcelona :
Nombre del editor, distribuidor, etc. Pro Médica,
Fecha de publicación, distribución, etc. 1957 (
Fabricante Mariano Galve)
300 ## - DESCRIPCIÓN FÍSICA
Extensión 159 p. ;
Dimensiones 22 cm.
700 1# - ENTRADA AGREGADA--NOMBRE PERSONAL
Nombre de persona Karnes, Merle B.
9 (RLIN) 67572
700 1# - ENTRADA AGREGADA--NOMBRE PERSONAL
Nombre de persona Kirk, Winifred D.
9 (RLIN) 68121
700 1# - ENTRADA AGREGADA--NOMBRE PERSONAL
Nombre de persona Bosch Barrett, Manuel.
9 (RLIN) 30649
852 ## - LOCALIZACIÓN
Ubicación ES-MaACL
Número de control de estantería C-12552
Sublocalización o colección R.40601
Holdings
Estatus retirado Estado de pérdida Estado de daño No para préstamo Biblioteca de origen Biblioteca actual Ubicación en estantería Fecha de adquisición Fuente de adquisición Total de préstamos Signatura topográfica completa Código de barras Visto por última vez Precio de reemplazo Tipo de ítem Koha
        Biblioteca del Ateneo de Madrid Biblioteca del Ateneo de Madrid Sala Palomar 17/01/2008     C-12552 1090755 23/02/2023 23/02/2023 Libro impreso